KORKUT Taner, Guirlande-Ostotheken aus Kalkstein in Pamphylien und Kilikien, Untersuchungen zur Typologie, Ikonographie und Chronologie (DAI, Sarkophag-Studien, 4), Mayence / Rhin, Philipp von Zabern, 2006, 1 vol. 21 × 28,5, X + 108 p., 38 fig., 64 pl. h. t. (notice n° 1596027)
[ vue normale ]
| 000 -LEADER | |
|---|---|
| fixed length control field | 00699cam a2200145 4500500 |
| 005 - DATE AND TIME OF LATEST TRANSACTION | |
| control field | 20251228073806.0 |
| 041 ## - LANGUAGE CODE | |
| Language code of text/sound track or separate title | fre |
| 042 ## - AUTHENTICATION CODE | |
| Authentication code | dc |
| 100 10 - MAIN ENTRY--PERSONAL NAME | |
| Personal name | Le Dinahet, Marie-Thérèse |
| Relator term | author |
| 245 00 - TITLE STATEMENT | |
| Title | KORKUT Taner, Guirlande-Ostotheken aus Kalkstein in Pamphylien und Kilikien, Untersuchungen zur Typologie, Ikonographie und Chronologie (DAI, Sarkophag-Studien, 4), Mayence / Rhin, Philipp von Zabern, 2006, 1 vol. 21 × 28,5, X + 108 p., 38 fig., 64 pl. h. t. |
| 260 ## - PUBLICATION, DISTRIBUTION, ETC. | |
| Date of publication, distribution, etc. | 2009.<br/> |
| 500 ## - GENERAL NOTE | |
| General note | 1 |
| 786 0# - DATA SOURCE ENTRY | |
| Note | Revue archéologique | 47 | 1 | 2009-09-10 | p. 81t-148t | 0035-0737 |
| 856 41 - ELECTRONIC LOCATION AND ACCESS | |
| Uniform Resource Identifier | <a href="https://shs.cairn.info/revue-archeologique-2009-1-page-81t?lang=fr&redirect-ssocas=7080">https://shs.cairn.info/revue-archeologique-2009-1-page-81t?lang=fr&redirect-ssocas=7080</a> |
Pas d'exemplaire disponible.




Réseaux sociaux